| 000 | 00686nam a2200229Ia 4500 | ||
|---|---|---|---|
| 003 | OSt | ||
| 005 | 20220926024205.0 | ||
| 006 | a|||||r|||| 00| 0 | ||
| 007 | ta | ||
| 008 | 220923b |||||||| |||| 00| 0 eng d | ||
| 037 | _cGeneral Book | ||
| 040 |
_aRTL _cRTL _beng |
||
| 041 |
_2eng _aeng |
||
| 082 | _aX71:75.271.N70<---N69t5, K9,1v | ||
| 110 |
_aORISSA(Govt. of--),FINANCE (Dept.) _9330300 |
||
| 245 | 0 | _aBudget, 1969-70 | |
| 260 |
_aOrissa _bGoverment of orissa _c1969 |
||
| 300 |
_aii,56p _ccm. |
||
| 700 |
_aORISSA(Govt. of--),FINANCE (Dept.) _9330301 |
||
| 942 |
_hX71:75.271.N70<---N69t5, K9,1v _cGB _2CC |
||
| 999 |
_c643332 _d643332 |
||